[Event "Autumn"]
[Site "Nea Filadelfia GRE"]
[Date "2008.11.13"]
[Round "8"]
[White "Skalkotas,N"]
[Black "Andronis,V"]
[Result "1-0"]
[WhiteElo "2276"]
[BlackElo "2072"]

1.c4 c6 2.e4 d5 3.exd5 cxd5 4.cxd5 Nf6 5.Bb5+ Bd7 6.Bc4 b5 7.Bb3 Na6 8.d4 Nb4
9.Nf3 Nbxd5 10.Ne5 e6 11.O-O Be7 12.Nc3 Nxc3 13.bxc3 O-O 14.Qd3 Rc8 15.Bc2 g6
16.Bd2 Qc7 17.Nxd7 Qxd7 18.a4 bxa4 19.Rxa4 Rfd8 20.Rfa1 Rc7 21.Qf3 Nd5 22.Be4 Nb6
23.R4a2 e5 24.dxe5 Nc4 25.Bf4 Rc5 26.Rxa7 Qe6 27.R1a6 Bd6 28.exd6 f5 29.Bd3  1-0

[Event "38th Olympiad"]
[Site "Dresden GER"]
[Date "2008.11.14"]
[Round "2"]
[White "Agdestein,S"]
[Black "Braun,A"]
[Result "1/2-1/2"]
[WhiteElo "2588"]
[BlackElo "2567"]

1.c4 c6 2.e4 d5 3.cxd5 cxd5 4.e5 Nc6 5.d4 Qb6 6.Nc3 Bf5 7.Nxd5 Qa5+ 8.Nc3 O-O-O
9.Be3 Nxe5 10.a3 Ng4 11.Nf3 Nxe3 12.fxe3 Kb8 13.Ne5 Nh6 14.Be2 f6 15.Nc4 Qc7
16.Rc1 e5 17.d5 Bg4 18.Bxg4 Qxc4 19.Be6 f5 20.Qe2 Qh4+ 21.g3 Qg5 22.Nd1 g6
23.Nf2 e4 24.Rc3 Bd6 25.Kd1 Qf6 26.Kc2 Rhf8 27.Kb1 Nf7 28.Rb3 Qe7 29.Nh3 Ne5
30.Nf4 g5 31.Nh3 Nd3 32.Rxd3 exd3 33.Qxd3 Bxg3 34.Bxf5 Be5 35.e4 Qg7 36.Qd2 h6
37.Nf2 a6 38.Nd3 Bd6 39.Qe2 Rde8 40.Be6 Rf6 41.e5 Rfxe6 42.dxe6 Rxe6 43.Qe4 Be7
44.Rc1 Qg6 45.Qd5 Rc6 46.Rxc6 Qxc6 47.Qf7 Qe4 48.Qxe7  1/2-1/2

[Event "38th Olympiad"]
[Site "Dresden GER"]
[Date "2008.11.14"]
[Round "2"]
[White "Carvalho,Gu"]
[Black "Abdulla,AlR"]
[Result "0-1"]
[WhiteElo "2249"]
[BlackElo "2522"]

1.c4 c6 2.e4 d5 3.exd5 cxd5 4.d4 Nf6 5.Nc3 g6 6.Nf3 Bg7 7.Be2 O-O 8.O-O Nc6
9.Re1 Bg4 10.cxd5 Nxd5 11.h3 Bf5 12.Bg5 h6 13.Be3 Nxe3 14.fxe3 Qb6 15.Na4 Qc7
16.Bd3 Bxd3 17.Qxd3 e5 18.Rac1 exd4 19.exd4 Rad8 20.Qb3 Qf4 21.Kh1 Nxd4 22.Nxd4 Rxd4
23.Rf1 Qg5 24.Rc2 Be5 25.Nc5 b6 26.Nd3 Bd6 27.Ne1 Rd1 28.Rcf2 Qg3 29.Nf3 Rxf1+
30.Rxf1 Re8 31.Qd3 Re6 32.Kg1 Bc5+ 33.Kh1 Bd6 34.Kg1 Qf4 35.Rd1 Bc5+ 36.Kh1 Re3
37.Qd8+ Kg7 38.Qd5 Re2 39.Rf1 Bd6 40.Qd3 Re3 41.Qd4+ Qxd4 42.Nxd4 Be5 43.Rd1 Re4
44.Nc6 Bxb2 45.Nxa7 Ra4 46.Nc8 Bd4 47.Rb1 Ra8  0-1

[Event "38th Olympiad"]
[Site "Dresden GER"]
[Date "2008.11.15"]
[Round "3"]
[White "Howell,D"]
[Black "Borg,A"]
[Result "1-0"]
[WhiteElo "2593"]
[BlackElo "2112"]

1.c4 c6 2.e4 d5 3.exd5 cxd5 4.d4 Nf6 5.Nc3 e6 6.Nf3 Be7 7.cxd5 Nxd5 8.Bd3 Nc6
9.O-O O-O 10.Re1 Nf6 11.a3 b6 12.Bg5 Bb7 13.Bc2 Rc8 14.Qd3 g6 15.h4 Re8 16.Rad1 Na5
17.Bc1 a6 18.Ne5 b5 19.Qh3 Qb6 20.Be3 Qd6 21.Bf4 Qb6 22.Bb1 Nc4 23.Nxc4 bxc4
24.Be5 Qc6 25.Ne4 Nxe4 26.Bxe4 Qb6 27.Bxb7 Qxb7 28.h5 Bf8 29.Qh4 Be7 30.Qh2 Qd5
31.hxg6 fxg6 32.Re3 Rf8 33.Rh3 Rf7 34.Re1 Bf8 35.Ree3 Qa5 36.Qg3 Rf5 37.Qh4 h6
38.Qg4 Kf7 39.Rhg3 g5 40.Qh5+ Ke7 41.Rgf3 Qd5 42.Qg6 Rxf3 43.Rxf3 Kd7 44.Qh7+ Be7
45.Rf7 Re8 46.Bf6 Qd6 47.Qxh6 Kc8 48.Rxe7 Rxe7 49.Qf8+ Kd7 50.Bxe7 Qxe7 51.Qxe7+ Kxe7
52.f3  1-0

[Event "38th Olympiad"]
[Site "Dresden GER"]
[Date "2008.11.15"]
[Round "3"]
[White "Eichab,C"]
[Black "Al Sayed,Mohamad"]
[Result "0-1"]
[WhiteElo "2066"]
[BlackElo "2477"]

1.c4 c6 2.Nf3 d5 3.e3 Nf6 4.b3 Bg4 5.Bb2 e6 6.Be2 Nbd7 7.O-O Bd6 8.Nc3 O-O
9.h3 Bh5 10.Rc1 Qe7 11.d4 Ne4 12.Nxe4 dxe4 13.Nd2 Bxe2 14.Qxe2 f5 15.f3 exf3
16.Qxf3 Bb4 17.Bc3 Bxc3 18.Rxc3 e5 19.Rcc1 e4 20.Qf4 c5 21.Nb1 g5 22.Qg3 cxd4
23.exd4 f4 24.Qe1 Rae8 25.b4 e3 26.b5 Qe4  0-1

[Event "38th Olympiad w"]
[Site "Dresden GER"]
[Date "2008.11.16"]
[Round "4"]
[White "Leconte,M"]
[Black "Coimbra,M"]
[Result "1-0"]
[WhiteElo "2349"]
[BlackElo "2105"]

1.c4 c6 2.e4 d5 3.exd5 cxd5 4.cxd5 Nf6 5.Qa4+ Bd7 6.Qb3 Qb6 7.Nc3 g6 8.Nf3 Bg7
9.Bc4 O-O 10.O-O Na6 11.d4 Qxb3 12.Bxb3 Rfd8 13.Re1 Kf8 14.Bg5 h6 15.Bh4 g5
16.Bg3 Bg4 17.Ne5 Bh5 18.a3 Nd7 19.Re3 Nb6 20.f4 Nc7 21.fxg5 Ncxd5 22.Ree1 hxg5
23.Ne4 Bh6 24.Bf2 Nf4 25.Ng3 f6 26.Nxh5 fxe5 27.Nxf4 exf4 28.Re5 Rd6 29.Rae1 Re8
30.d5 Bg7 31.Rf5+ Bf6 32.Bc5 Rd7 33.Rxf6+  1-0

[Event "Young Stars of the World"]
[Site "Kirishi RUS"]
[Date "2008.11.16"]
[Round "1"]
[White "Bukavshin,I"]
[Black "Lintchevski,D"]
[Result "0-1"]
[WhiteElo "2376"]
[BlackElo "2502"]

1.c4 c6 2.e4 d5 3.exd5 cxd5 4.d4 Nf6 5.Nc3 g6 6.Qb3 Bg7 7.cxd5 O-O 8.Nge2 Na6
9.g3 b5 10.Bg2 b4 11.Na4 Bb7 12.Nf4 Qd6 13.O-O g5 14.Ne2 h6 15.Nc5 Bxd5 16.Bxd5 Nxd5
17.Qc4 Nxc5 18.dxc5 Rac8 19.Qxb4 Qxc5 20.Qxc5 Rxc5 21.Rd1 e6 22.Rb1 Rb8 23.b3 Rc2
24.Rd2 Rbc8 25.a3 Rxd2 26.Bxd2 Rc2 27.Rd1 Rb2 28.Nc1 Bc3 29.Bxc3 Nxc3 30.Re1 Nb5
31.a4 Nd4 32.Rd1 Nf3+ 33.Kg2 g4 34.h3 h5 35.hxg4 hxg4 36.Kf1 Nh2+ 37.Kg2 Nf3
38.Kf1 e5 39.Rd8+ Kg7 40.Rc8 Rd2 41.Ne2 Rd1+ 42.Kg2 Re1 43.Rc2 a5 44.Rb2 Ra1
45.b4 Ne1+ 46.Kh2 Nf3+ 47.Kg2 Ne1+ 48.Kh2 Nd3 49.Rd2 Nxb4 50.Nc3 Ra3 51.Nd5 Nc6
52.Nb6 Nd4 53.Rd1 Nf3+ 54.Kg2 Kg6 55.Rc1 Kg5 56.Rd1 f5 57.Rc1 Ra2 58.Rd1 Nd2
59.Kg1 f4 60.gxf4+ exf4 61.Nd5 g3 62.Nc3 Nf3+ 63.Kh1 Rc2 64.Ne4+ Kg4 65.Kg2 Nh4+
66.Kg1 Re2 67.Nf6+ Kh3 68.fxg3 fxg3  0-1

[Event "9th Open"]
[Site "Liberec CZE"]
[Date "2008.11.16"]
[Round "2"]
[White "Plischki,S"]
[Black "Hyll,J"]
[Result "1-0"]
[WhiteElo "2409"]
[BlackElo "2002"]

1.c4 c6 2.e4 d5 3.exd5 cxd5 4.cxd5 Nf6 5.Nc3 Nxd5 6.Nf3 e6 7.Bc4 Nb6 8.Bb3 Nc6
9.d4 Be7 10.O-O O-O 11.a3 Bf6 12.Be3 Na5 13.Ba2 Nac4 14.Qe2 Nxe3 15.fxe3 g6
16.Rf2 Nd5 17.Nxd5 exd5 18.Qb5 Qe7 19.Bxd5 Qxe3 20.Re1 Qf4 21.Qc4 Be6 22.Bxe6 fxe6
23.Qxe6+ Kg7 24.Qd7+ Rf7 25.Qxf7+ Kxf7 26.Ne5+ Bxe5 27.Rxe5 Qxf2+ 28.Kxf2 Kf6
29.Rc5 Rd8 30.Ke3 Rd7 31.h4 h5 32.b4 a6 33.a4 Rd6 34.a5 b6 35.Rg5 Kf7 36.Kd3 Ke7
37.d5 Kf7 38.Kd4 Rf6 39.g3 Ke7 40.Re5+ Kd7 41.Re6 Rxe6 42.dxe6+ Kxe6 43.b5 Kd6
44.bxa6 Kc7 45.a7  1-0

[Event "9th Open"]
[Site "Liberec CZE"]
[Date "2008.11.16"]
[Round "2"]
[White "Golcman,E"]
[Black "Majerik,V"]
[Result "1-0"]
[WhiteElo "2252"]
[BlackElo "1990"]

1.c4 c6 2.Nc3 d5 3.d4 Nf6 4.Nf3 dxc4 5.a4 Bg4 6.Ne5 Bh5 7.h3 Nbd7 8.Nxc4 Nb6
9.Ne5 e6 10.g4 Bg6 11.Bg2 Nfd7 12.Nxg6 hxg6 13.a5 Nd5 14.e4 Nb4 15.O-O Be7
16.Be3 O-O 17.Qe2 Re8 18.Kh1 Bd6 19.f4 Rb8 20.Ra4 Na6 21.e5 Bf8 22.Raa1 Bb4
23.Ne4 Bxa5 24.Nd6 Qc7 25.Nxe8 Rxe8 26.Rac1 Nb4 27.f5 gxf5 28.gxf5 Nd5 29.Bxd5 exd5
30.Qg2 f6 31.Bh6 Re7 32.Rg1 Nxe5 33.dxe5 Qxe5 34.Bxg7  1-0

[Event "38th Olympiad"]
[Site "Dresden GER"]
[Date "2008.11.17"]
[Round "5"]
[White "Simutowe,A"]
[Black "Warner,De"]
[Result "1-0"]
[WhiteElo "2462"]
[BlackElo "2226"]

1.c4 c6 2.e4 d5 3.exd5 cxd5 4.cxd5 Nf6 5.Nc3 Nxd5 6.Nf3 Nxc3 7.bxc3 e6 8.d4 Be7
9.Bd3 O-O 10.Qe2 Nd7 11.O-O Qa5 12.Bd2 Qh5 13.Rab1 a6 14.Be4 Bd6 15.Rfe1 Rb8
16.c4 Nf6 17.Bc2 Rd8 18.h3 Bc7 19.Qf1 b5 20.g4 Nxg4 21.hxg4 Qxg4+ 22.Qg2 Qxg2+
23.Kxg2 bxc4 24.Rxb8 Bxb8 25.Rb1 Ba7 26.Ba5 Rd5 27.Bb6 Bb8 28.Bc5 Bf4 29.Rb4 Rh5
30.Be4 f5 31.Bc6 g5 32.Ne5 Rh2+ 33.Kg1 c3 34.Rb8 c2 35.Rxc8+ Kg7 36.Rc7+ Kg8
37.Rc8+ Kg7 38.Rc7+ Kg8 39.Ba3 Rh3 40.Rc8+ Kg7 41.Bf8+ Kf6 42.Be8 c1=Q+ 43.Rxc1 g4
44.Nd7+ Kg5 45.Be7+ Kh6 46.Rc6 g3 47.Rxe6+ Kg7 48.Bf6+ Kg8 49.Re7  1-0

[Event "38th Olympiad w"]
[Site "Dresden GER"]
[Date "2008.11.17"]
[Round "5"]
[White "Hughes,Rh"]
[Black "Coimbra,M"]
[Result "1/2-1/2"]
[WhiteElo "1796"]
[BlackElo "2105"]

1.c4 c6 2.Nc3 d5 3.cxd5 cxd5 4.d4 Nf6 5.Nf3 Nc6 6.Bf4 a6 7.e3 Bg4 8.Be2 e6
9.O-O Bxf3 10.Bxf3 Bd6 11.Bxd6 Qxd6 12.Rc1 O-O 13.Qd2 Rac8 14.Be2 b5 15.b3 Qb8
16.Bd3 Rc7 17.Ne2 Rfc8 18.a4 Qb6 19.axb5 axb5 20.Nc3 Na7 21.Rc2 b4 22.Na4 Rxc2
23.Bxc2 Qa5 24.Rc1 g6 25.Bd3 Rxc1+ 26.Qxc1 Nd7 27.g3 Kg7 28.Kg2 Qd8 29.Nc5 Qc8
30.Ba6 Qc6 31.Bb7 Qd6 32.Qa1 Nb5 33.Qa5 Qb6 34.Qxb6 Nxb6 35.Nd3 Nd6 36.Bc6 Ne4
37.Nxb4 Nd2 38.Ba4 Kf6 39.Nc6 Ne4 40.Ne5 Ke7 41.Bb5 f6 42.Nd3 Nc3 43.Ba6 Na8
44.Nc5 Na2 45.Bc8 Nc7 46.Kf3 Nb4 47.h4 Kd6 48.Ke2 e5 49.Nd7 exd4 50.exd4 f5
51.Nf8 Nb5 52.Nxh7 Nxd4+ 53.Kd2 Nbc6 54.Kc3 Nb5+ 55.Kb2 Ne5 56.Ba6 Nc7 57.Be2 d4
58.Nf8 Ke7 59.Nh7 Nd5 60.Bc4 Nb6 61.Be2 Nd5 62.Bc4 Nb6 63.Be2  1/2-1/2

[Event "38th Olympiad"]
[Site "Dresden GER"]
[Date "2008.11.19"]
[Round "6"]
[White "Ihsan,J"]
[Black "Kalezic,B"]
[Result "1/2-1/2"]
[WhiteElo "2166"]
[BlackElo "2448"]

1.c4 c6 2.Nc3 d6 3.d4 Nf6 4.g3 g6 5.Bg2 Bg7 6.e4 O-O 7.Nge2 e5 8.d5 cxd5
9.cxd5 a5 10.h3 Na6 11.Be3 b6 12.O-O Nc5 13.Rb1 Ba6 14.b4 axb4 15.Rxb4 Nfd7
16.Qd2 Qc7 17.Rfb1 Rfc8 18.Nb5 Bxb5 19.Rxb5 Bf8 20.R5b4 Qa7 21.Nc3 Qa3 22.Bf1 Nf6
23.f3 Nfd7 24.Bb5 Nb8 25.g4 Be7 26.Bf1 Nbd7 27.Bb5 Nb8 28.Bf1 Nbd7 29.Bb5 Nb8
30.Bf1  1/2-1/2

[Event "38th Olympiad"]
[Site "Dresden GER"]
[Date "2008.11.20"]
[Round "7"]
[White "Zhigalko,A"]
[Black "Mastrovasilis,D"]
[Result "1-0"]
[WhiteElo "2568"]
[BlackElo "2572"]

1.c4 c6 2.e4 d5 3.exd5 Nf6 4.Nc3 cxd5 5.d4 Nc6 6.Bg5 Be6 7.a3 Qd7 8.Be2 O-O-O
9.c5 Ne4 10.Nf3 h6 11.Be3 g5 12.Rc1 f5 13.b4 f4 14.b5 Nxc3 15.Rxc3 fxe3 16.Rxe3 Bg7
17.bxc6 Qxc6 18.O-O Kb8 19.Ne5 Bxe5 20.Rxe5 Rhf8 21.Bb5 Qxb5 22.Rxe6 Rf6
23.Rxe7 Re8 24.Qe1 Ref8 25.Qe5+ Ka8 26.Re1 a6 27.h3 Ka7 28.f3 Rf5 29.Qc7 R5f6
30.R1e6 Rxe6 31.Rxe6  1-0

[Event "38th Olympiad"]
[Site "Dresden GER"]
[Date "2008.11.22"]
[Round "9"]
[White "Izoria,Z"]
[Black "Dive,RJ"]
[Result "1-0"]
[WhiteElo "2610"]
[BlackElo "2357"]

1.c4 c6 2.e4 d5 3.exd5 cxd5 4.cxd5 Nf6 5.Nc3 Nxd5 6.Nf3 Nc6 7.Bb5 e6 8.O-O Be7
9.d4 O-O 10.Re1 Bd7 11.Bd3 Rc8 12.a3 a6 13.Bb1 Re8 14.h4 Na5 15.Ne5 g6 16.h5 Nc4
17.hxg6 hxg6 18.Nxg6 fxg6 19.Qg4 Bf6 20.Bh6 Re7 21.Qxg6+ Rg7 22.Bxg7 Bxg7
23.Bf5 Nf4 24.Qg4 Qc7 25.Rxe6 Bxe6 26.Bxe6+ Nxe6 27.Qxe6+ Kf8 28.Qf5+ Kg8
29.Nd5 Nd6 30.Qe6+ Qf7 31.Qxd6 Re8 32.Ne3 Qb3 33.Nf5 Qf7 34.Nxg7 Kxg7 35.Rc1 Re7
36.Rc3  1-0

[Event "38th Olympiad"]
[Site "Dresden GER"]
[Date "2008.11.22"]
[Round "9"]
[White "Flores,Di"]
[Black "Liiva,R"]
[Result "1-0"]
[WhiteElo "2569"]
[BlackElo "2460"]

1.c4 c6 2.Nf3 d5 3.e3 Nf6 4.Nc3 Nbd7 5.Qc2 a6 6.d4 e6 7.Bd3 dxc4 8.Bxc4 b5
9.Bd3 c5 10.a4 c4 11.Be2 Rb8 12.axb5 axb5 13.e4 b4 14.Nd1 b3 15.Qxc4 Nxe4
16.O-O Bd6 17.Qd3 Nef6 18.Ne3 O-O 19.Nc4 Bc7 20.Ra3 Bb7 21.Rxb3 Be4 22.Qd1 Nd5
23.Nfe5 Nxe5 24.dxe5 Nb4 25.Qxd8 Rfxd8 26.Bg5 Rd5 27.Rc1 h6 28.Be7 Nc6 29.Rxb8+ Bxb8
30.Bd6 Bxd6 31.Nxd6 Nd4 32.Bc4 Bg6 33.f4 Rc5 34.Kf2 Rc7 35.b4 Rc6 36.b5 Rc5
37.b6 Rc6 38.b7 Rb6 39.Ke3 Nc2+ 40.Rxc2 Bxc2 41.Kd4  1-0

[Event "38th Olympiad"]
[Site "Dresden GER"]
[Date "2008.11.22"]
[Round "9"]
[White "Roselli Mailhe,B"]
[Black "Zambrana,O"]
[Result "0-1"]
[WhiteElo "2368"]
[BlackElo "2478"]

1.c4 c6 2.d4 d5 3.cxd5 cxd5 4.Nc3 Nf6 5.Bf4 Nc6 6.e3 Bf5 7.Qb3 Na5 8.Bb5+ Bd7
9.Qa4 e6 10.Bxd7+ Nxd7 11.Nf3 a6 12.O-O Be7 13.Rac1 b5 14.Qc2 Rc8 15.Qe2 O-O
16.e4 Nb6 17.e5 Qd7 18.h4 Rc6 19.Ng5 b4 20.Nd1 b3 21.Rxc6 Qxc6 22.axb3 Nxb3
23.Be3 h6 24.Nh3 Nc4 25.Qg4 Nxe3 26.Nxe3 Qb6 27.Rd1 Kh7 28.Nf4 Bd8 29.Nh5 g6
30.Ng3 f5 31.exf6 Bxf6 32.Ne2 h5 33.Qg3 Nxd4 34.Nf4 Rg8 35.Kh1 Qxb2 36.Qh3 Qxf2
37.Nxe6 Nxe6 38.Qxe6 Qxh4+ 39.Kg1 Bd4 40.Rd3 Rg7  0-1

[Event "TCh-NED 2008-9"]
[Site "Netherlands NED"]
[Date "2008.11.22"]
[Round "3"]
[White "Tereick,B"]
[Black "Blokhuis,J"]
[Result "1-0"]
[WhiteElo "2382"]
[BlackElo "2355"]

1.c4 c6 2.Nf3 d5 3.e3 Nf6 4.d4 e6 5.Nbd2 Nbd7 6.b3 Be7 7.Bd3 O-O 8.Bb2 Re8
9.Ne5 Bf8 10.f4 g6 11.Qf3 Bg7 12.Ke2 Nf8 13.g4 N6d7 14.g5 Nxe5 15.dxe5 b6
16.h4 Bb7 17.h5 Nd7 18.Rh4 Nc5 19.Bc2 dxc4 20.bxc4 Ba6 21.hxg6 hxg6 22.Rah1 Qd5
23.e4 Qd7 24.Qh3 Kf8 25.Rh7 Rad8 26.Bc3 Ke7 27.Rxg7 Rh8 28.Qxh8  1-0

[Event "TCh-AUT 2nd Bundesliga Ost 2008-9"]
[Site "Austria AUT"]
[Date "2008.11.23"]
[Round "5"]
[White "Lendwai,R"]
[Black "Kleiser,G"]
[Result "1/2-1/2"]
[WhiteElo "2418"]
[BlackElo "2326"]

1.c4 c6 2.d4 d5 3.Nf3 Nf6 4.Qb3 dxc4 5.Qxc4 Bf5 6.g3 e6 7.Nc3 Be7 8.Bg2 O-O
9.O-O Nbd7 10.Re1 Rc8 11.e4 b5 12.Qe2 Bg6 13.a3 a5 14.e5 Ne8 15.Bf4 Nc7 16.Rad1  1/2-1/2

[Event "38th Olympiad"]
[Site "Dresden GER"]
[Date "2008.11.23"]
[Round "10"]
[White "Agdestein,S"]
[Black "Aagaard,J"]
[Result "0-1"]
[WhiteElo "2588"]
[BlackElo "2528"]

1.c4 c6 2.e4 d5 3.cxd5 cxd5 4.e5 d4 5.Nf3 Nc6 6.Bc4 e6 7.O-O Nge7 8.d3 a6
9.a4 Ng6 10.Qe2 b6 11.Na3 Qc7 12.Re1 Bb4 13.Bd2 Bxd2 14.Qxd2 O-O 15.Qg5 Bb7
16.Nc2 Na5 17.Ncxd4 Nxc4 18.Rac1 h6 19.Qg3 Qd7 20.Rxc4 Rfc8 21.Rb4 Rab8 22.Rxb6 Bxf3
23.Rd6 Qxa4 24.gxf3 Qa5 25.Rb1 Qd2 26.h4 Rc1+ 27.Rxc1 Qxc1+ 28.Kh2 Rxb2 29.Rc6 Qf1
30.Rc2 Rxc2 31.Nxc2 Qxd3 32.Ne3 Qd4 33.h5 Nxe5 34.Ng4 Nxg4+ 35.fxg4 e5 36.Kh3 a5
37.Qf3 a4 38.Qa8+ Kh7 39.f3 Qf4 40.Qd5 Kg8 41.Qd8+ Kh7 42.Qd3+ e4 43.fxe4 Qe5
44.Qc4 Qe8 45.e5 Qa8 46.Qxf7 Qh1+ 47.Kg3 Qg1+ 48.Kh3 Qh1+ 49.Kg3 Qe1+ 50.Kg2 Qe2+
51.Kh3 Qd3+ 52.Kh4 Qc2 53.g5 Qe4+ 54.Kh3 Qe3+ 55.Kh2 Qxe5+ 56.Kh3 Qe3+ 57.Kh2 Qe2+
58.Kh3 Qd3+ 59.Kh2 Qc2+ 60.Kg1 hxg5 61.h6 Qb1+ 62.Kh2 Qg6 63.Qd7 Qxh6+ 64.Kg2 Qa6
65.Qe8 Qb7+ 66.Kf2 Qb2+ 67.Kg3 Qc3+ 68.Kg2 Qd2+ 69.Kh3 Qd3+ 70.Kg2 Qd5+ 71.Kg3 Qd6+
72.Kg2 a3 73.Qh5+ Qh6 74.Qf3 g4 75.Qxa3 Qc6+ 76.Kg3 Qf3+ 77.Qxf3 gxf3 78.Kxf3 Kh6
79.Kg4 Kg6  0-1

[Event "38th Olympiad"]
[Site "Dresden GER"]
[Date "2008.11.25"]
[Round "11"]
[White "Al Sayed,Mohamad"]
[Black "Hatanbaatar,B"]
[Result "0-1"]
[WhiteElo "2477"]
[BlackElo "2375"]

1.c4 c6 2.d4 d5 3.Nf3 Nf6 4.Nc3 e6 5.Bg5 h6 6.Bxf6 Qxf6 7.Qb3 Nd7 8.e4 dxe4
9.Nxe4 Qd8 10.Bd3 Qa5+ 11.Nc3 g6 12.O-O Bg7 13.c5 O-O 14.Qc4 Qc7 15.b4 b6
16.Rac1 bxc5 17.dxc5 Nf6 18.a4 a6 19.b5 axb5 20.axb5 cxb5 21.Nxb5 Qe7 22.Rfe1 Ba6
23.Nfd4 Rfc8 24.c6 Ne8 25.Qb3 Kh8 26.Nxe6 fxe6 27.Rxe6 Qg5 28.f4 Qd8 29.c7 Nxc7
30.Nd6 Qg8 31.Bxa6 Rxa6 32.f5 Rxd6  0-1

[Event "38th Olympiad"]
[Site "Dresden GER"]
[Date "2008.11.25"]
[Round "11"]
[White "Sunye Neto,J"]
[Black "Dive,RJ"]
[Result "1-0"]
[WhiteElo "2488"]
[BlackElo "2357"]

1.c4 c6 2.Nf3 d5 3.d4 Nf6 4.e3 a6 5.b3 Bg4 6.Nbd2 e6 7.Qc2 Nbd7 8.Bd3 Qc7
9.Bb2 Bh5 10.a3 a5 11.h3 Bg6 12.O-O Be7 13.Rfe1 Bxd3 14.Qxd3 O-O 15.Rac1 Rfd8
16.Qc2 Rac8 17.e4 dxe4 18.Nxe4 Nxe4 19.Rxe4 Bf6 20.c5 b5 21.cxb6 Qxb6 22.Nd2 c5
23.Nc4 Qa6 24.a4 h6 25.Rd1 cxd4 26.Bxd4 Nc5 27.Rg4 e5 28.Bxe5 Rxd1+ 29.Qxd1 Bxe5
30.Nxe5 Qe6 31.Nc4 Nxa4 32.Qd4  1-0

[Event "Bundesliga 2008-9"]
[Site "Munich GER"]
[Date "2008.11.29"]
[Round "5"]
[White "Bischoff,K"]
[Black "Handke,F"]
[Result "1/2-1/2"]
[WhiteElo "2545"]
[BlackElo "2498"]

1.c4 c6 2.Nf3 d5 3.d4 Nf6 4.Nc3 dxc4 5.a4 Bf5 6.e3 e6 7.Bxc4 Bb4 8.O-O Nbd7
9.Qe2 Bg4 10.h3 Bh5 11.Rd1 O-O 12.e4 Re8 13.Bf4 Rc8 14.Bd3 h6 15.Bc2 a6 16.Na2 Bf8
17.b4 a5 18.Rab1 axb4 19.Nxb4 Qa5 20.Nd3 Qa6 21.Qe3 c5 22.dxc5 Bxc5 23.Nxc5 Rxc5
24.Rd6 Qa5 25.Ne1 Rec8 26.Qd2 Qc7 27.Rb2 Ne5 28.Bxe5 Rxe5 29.Rd4 Bg6 30.f3 b6
31.Qb4 Rg5 32.Qxb6 Qg3 33.Kf1 Rgc5 34.Rd8+ Kh7 35.Rxc8 Rxc8 36.Qd4 Nh5 37.Nd3 Qh2
38.Qg1 Ng3+ 39.Kf2 Nh1+ 40.Kf1 Ng3+ 41.Kf2 Nh1+ 42.Kf1  1/2-1/2

[Event "21st Belgrade Trophy"]
[Site "Obrenovac SRB"]
[Date "2008.11.29"]
[Round "3"]
[White "Maksimovic,Mir"]
[Black "Arngrimsson,D"]
[Result "1-0"]
[WhiteElo "2245"]
[BlackElo "2392"]

1.c4 c6 2.g3 d5 3.Bg2 Nf6 4.Nf3 Nbd7 5.cxd5 cxd5 6.d4 e6 7.O-O Bd6 8.Nc3 O-O
9.Qb3 a6 10.a4 Nb6 11.Ne5 Bxe5 12.dxe5 Ng4 13.f4 Nc4 14.Nd1 b5 15.Qf3 Qb6+
16.Kh1 f5 17.h3 Nh6 18.axb5 Bb7 19.bxa6 Rxa6 20.Rxa6 Bxa6 21.Ne3 Rc8 22.Nxc4 Rxc4
23.Qa3 Rc2 24.Be3 Qc6 25.Ra1 Bb7 26.Qe7 Kh8 27.Bf3 Ng8 28.Qb4 Rxe2 29.Rc1 Qa6
30.Bd4 Re4 31.Bxe4 dxe4 32.Be3 h6 33.Qc4 Qa5 34.Qxe6 Qb4 35.Qc4 Qxb2 36.Qc2 Qa3
37.Qc3 Qe7 38.Qc4  1-0

[Event "UTD Invitational GM"]
[Site "Richardson USA"]
[Date "2008.11.29"]
[Round "8"]
[White "Ramirez,Alej"]
[Black "Zivanic,M"]
[Result "1-0"]
[WhiteElo "2533"]
[BlackElo "2465"]

1.c4 c6 2.e4 d5 3.cxd5 cxd5 4.exd5 Nf6 5.Nc3 Nxd5 6.Nf3 e6 7.d4 Nc6 8.Bb5 Be7
9.O-O O-O 10.Re1 Bf6 11.Ne4 Nce7 12.Qe2 Nf5 13.Rd1 h6 14.Ng3 Nxg3 15.hxg3 Qb6
16.g4 a6 17.Bd3 Nb4 18.Bb1 Rd8 19.Qe4 Kf8 20.g5 hxg5 21.Bxg5 Bd7 22.Qh7 Nd5
23.Be4 Be8 24.Qh8+ Ke7 25.Qxg7 Bxg5 26.Nxg5 Qd6 27.Re1 Nf4 28.d5 e5 29.Bf5  1-0

[Event "sub-zt 2.3.4 Absoluto"]
[Site "San Andres COL"]
[Date "2008.11.29"]
[Round "8"]
[White "Vittorino,C"]
[Black "Echavarria,J"]
[Result "1-0"]
[WhiteElo "2343"]
[BlackElo "2376"]

1.c4 c6 2.e4 d5 3.exd5 cxd5 4.cxd5 Nf6 5.Bb5+ Bd7 6.Bc4 b5 7.Bb3 Bf5 8.Qe2 a6
9.Nc3 Nbd7 10.Nf3 Nc5 11.d4 Nxb3 12.axb3 Nxd5 13.Rxa6 Rb8 14.Qe5 Nb4 15.Qxf5 g6
16.Qe4 Nxa6 17.Qc6+ Qd7 18.Qxa6 Qb7 19.Qxb7 Rxb7 20.Bf4 Bg7 21.Ke2  1-0

[Event "TCh-AUT 2nd Bundesliga Mitte 2008-9"]
[Site "Austria AUT"]
[Date "2008.11.30"]
[Round "4"]
[White "Titz,Hei"]
[Black "Hartl,D"]
[Result "1-0"]
[WhiteElo "2201"]
[BlackElo "2188"]

1.c4 c6 2.Nf3 d5 3.e3 Nf6 4.Nc3 a6 5.Be2 b5 6.b3 g6 7.O-O Bg7 8.d4 O-O 9.Ne5 Bb7
10.cxd5 cxd5 11.Nd3 Nbd7 12.Ba3 Re8 13.Rc1 Rc8 14.Qd2 Qb6 15.Rfd1 Bc6 16.Bc5 Nxc5
17.Nxc5 e6 18.b4 Nd7 19.a4 Ra8 20.Nxa6 Qxa6 21.axb5 Bxb5 22.Nxb5 Qa2 23.Rc2 Qa6
24.Nc7 Qd6 25.Nxe8 Rxe8 26.Bb5 Bf8 27.Rdc1 Rb8 28.Bxd7 Qxd7 29.Rb1 Rb5 30.Qc3 Qb7
31.Rcb2 Bd6 32.g3 h5 33.h4 Kg7 34.Rb3 Be7 35.R1b2 Bd6 36.Qe1 Qb8 37.Qb1 Qb7
38.Qe1 Qb8 39.e4 e5 40.dxe5 Bxe5 41.Re2 d4 42.f4 Bd6 43.Reb2 f6 44.Qd2 Qb6
45.Qd3 Be7 46.Kg2 g5 47.hxg5 fxg5 48.Rd2 gxf4 49.Qxd4+ Qxd4 50.Rxd4 fxg3
51.Kxg3 Kf6 52.Kf4 Ke6 53.Rc4 Bd6+ 54.Kf3 Rg5 55.Rb1 h4 56.b5 h3 57.Rcc1 h2
58.b6 Bc5 59.Rxc5 Rxc5 60.Kg2 Rh5 61.Rh1 Rb5 62.Rxh2 Rb3 63.Rh3 Rb1 64.Kf3 Ke5
65.Rh5+ Kd4 66.Rd5+ Kc4 67.Rd6 Kc5 68.e5 Rb4 69.Ke3 Rb1 70.Ke4 Rf1 71.Rf6 Re1+
72.Kf5 Rf1+ 73.Ke6 Rb1 74.Kd7 Kd5 75.e6 Rxb6 76.Rf5+ Ke4 77.Rc5 Kd4 78.Rc7 Ke5
79.e7 Rd6+ 80.Ke8 Rd1 81.Rc2 Re1 82.Rf2 Ke6 83.Kf8 Kd7 84.Rd2+  1-0

[Event "II Poupex Int"]
[Site "Brasilia BRA"]
[Date "2008.11.30"]
[Round "3.2"]
[White "Lucena,L"]
[Black "Matsuura,E"]
[Result "0-1"]
[WhiteElo "2239"]
[BlackElo "2469"]

1.c4 c6 2.e4 d5 3.exd5 cxd5 4.d4 Nf6 5.Nc3 g6 6.Qb3 Bg7 7.cxd5 O-O 8.Nf3 Nbd7
9.Bf4 Nb6 10.d6 exd6 11.Be2 Be6 12.Qd1 Nbd5 13.Nxd5 Nxd5 14.Bd2 Qb6 15.Qa4 Qxb2
16.O-O Nc3 17.Bxc3 Qxe2 18.Rfe1 Qc4 19.Qa3 Bd5 20.Nd2 Qc6 21.Rac1 Rfe8 22.Nf1 Rxe1
23.Bxe1 Qa6 24.Qxa6 bxa6 25.a3 Be6 26.Bb4 Bxd4 27.Bxd6 a5 28.Ne3 Rd8 29.Be7 Rd7
30.Bg5 Bb2 31.Rc5 f6 32.Bh6 Bxa3 33.Rxa5 Bb4 34.Rb5 a5 35.h4 Ra7 36.Rb8+ Kf7
37.Nc2 Bc5 38.Rh8 Bb3 39.Be3 Bxe3 40.fxe3 Kg7 41.Rc8 Bxc2 42.Rxc2 a4 43.Kf2 a3
44.Ra2 f5 45.Ke2 Kf6 46.Kf3 Ke5 47.g4 fxg4+ 48.Kxg4 Ke4  0-1

[Event "21st Belgrade Trophy"]
[Site "Obrenovac SRB"]
[Date "2008.11.30"]
[Round "4"]
[White "Rosandic,M"]
[Black "Ratkovic,Milov"]
[Result "0-1"]
[WhiteElo "1786"]
[BlackElo "1985"]

1.c4 c6 2.e4 d5 3.e5 Bf5 4.d4 dxc4 5.Bxc4 e6 6.Nf3 Nd7 7.O-O h6 8.Nc3 Ne7
9.Qe2 Nb6 10.Bb3 Ned5 11.Ne4 Be7 12.Ng3 Bg6 13.Rd1 O-O 14.h3 Rc8 15.Bd2 c5
16.Ba5 c4 17.Bc2 Bxc2 18.Qxc2 Bb4 19.Bxb4 Nxb4 20.Qd2 N6d5 21.a3 Nc6 22.Ne4 Na5
23.Qe1 Nb3 24.Rab1 b5 25.Nd6 Rb8 26.Qe4 Qc7 27.Qc2 Rb6 28.Ne1 Rfb8 29.Rd3 cxd3
30.Qxb3 Nf4 31.g3 Ne2+ 32.Kh2 Nxd4 33.Qxd3 Qc5 34.Rd1 Nf5 35.Nxf5 exf5 36.Qxf5 Qc6  0-1

[Event "21st Belgrade Trophy"]
[Site "Obrenovac SRB"]
[Date "2008.11.30"]
[Round "4"]
[White "Maksimovic,Mir"]
[Black "Bogdanovski,V"]
[Result "1/2-1/2"]
[WhiteElo "2245"]
[BlackElo "2393"]

1.c4 c6 2.g3 d5 3.Bg2 Nf6 4.Nf3 dxc4 5.Qc2 Qd5 6.Nc3 Qh5 7.Nd1 b5 8.Ne3 Bh3
9.Bxh3 Qxh3 10.b3 cxb3 11.axb3 g6 12.Ba3 Bg7 13.d4 Qe6 14.O-O O-O 15.Ng2 Bh6
16.Ne5 Nfd7 17.Nd3 Re8 18.e3 Qe4  1/2-1/2

[Event "Mediterranean Open"]
[Site "Rijeka CRO"]
[Date "2008.11.30"]
[Round "2"]
[White "Rukavina,J"]
[Black "Levar,N"]
[Result "1/2-1/2"]
[WhiteElo "2429"]
[BlackElo "2185"]

1.c4 c6 2.Nf3 d5 3.e3 Nf6 4.Nc3 g6 5.d4 Bg7 6.Bd3 O-O 7.h3 a6 8.O-O b5 9.b3 Nbd7
10.Bb2 b4 11.Na4 Ne4 12.Qc2 Nd6 13.a3 a5 14.axb4 axb4 15.Rfc1 Ba6 16.Ne5 dxc4
17.bxc4 Nxe5 18.dxe5 Nb7 19.f4 Qc7 20.Rd1 c5 21.Be2 Rfd8 22.Qe4 e6 23.Rac1 Na5
24.Qc2  1/2-1/2

[Event "TCh-HUN 2008-9"]
[Site "Zalaegerszeg HUN"]
[Date "2008.11.30"]
[Round "3"]
[White "Horvath,Gy1"]
[Black "Antok,D"]
[Result "1-0"]
[WhiteElo "2370"]
[BlackElo "2273"]

1.c4 c6 2.e4 d5 3.exd5 cxd5 4.d4 Nf6 5.Nc3 Nc6 6.Bg5 dxc4 7.d5 Na5 8.Bxc4 Nxc4
9.Qa4+ Bd7 10.Qxc4 g6 11.Nf3 Bg7 12.O-O O-O 13.Rfe1 h6 14.Bh4 b5 15.Nxb5 Bxb5
16.Qxb5 Qxd5 17.Qa6 e6 18.Rad1 Qc5 19.Ne5 Qb6 20.Qxb6 axb6 21.Bxf6 Bxf6 22.Nd7 Bxb2
23.Nxf8 Kxf8 24.Re2 Bf6 25.Rd7 Rc8 26.g3 Be7 27.Rb7 Bc5 28.Rd2 Kg8 29.Rdd7 Rf8
30.a4 h5 31.Kf1 Kg7 32.f4 Kf6 33.Ke2 Kg7 34.h3 Kf6 35.Kf3 Kg7 36.Rdc7 Bd4
37.Rd7 Bc5 38.Rbc7 Bb4 39.Rc6  1-0